| 000 | 00387nam a22001217a 4500 | ||
|---|---|---|---|
| 082 | _a200 THE | ||
| 100 |
_aHafsa Iqbal _969751 |
||
| 245 | _aTH-SOF-1520-Efficient PAPR Reduction Technique in OFDM and its Implementation on SDR | ||
| 260 |
_aIslamabad _bNUST College of EME _c2018 |
||
| 650 | _aMS-ELECT-2016 MSTHESIS | ||
| 700 |
_aSupervisor Dr. Shoab Ahmad Khan _969752 |
||
| 942 | _cCF | ||
| 999 |
_c576892 _d576892 |
||